MDQL
is popping MORE tags! Check the
thread
!
Quizzes
Events
Quiz Creation
Community
Videos
Private Events
Remove Ads
Sign In
Join for FREE
Feedback
Dark Mode
Quiz Categories
Sports
Geography
Music
Movies
Television
Just For Fun
Miscellaneous
History
Literature
Language
Science
Gaming
Entertainment
Religion
Holiday
For Kids
Quiz Lab
Recent
Popular Today
Quiz Kudos Today
Editor Picks
Curator Picks
Quizzes by...
Day
Popularity
Type
Ratings
Length
Year
Community
Subscriptions
Recent Discussions
Orange Saloon
Badges
Playlists
Quests
Create
Leaderboards
Showdown
Live 5
Trivia Bingo
Activity
Puzzle Library
Sporcle Events
Private Events
Virtual Trivia
Globe League
Become a Host
Pub Owners
SporcleCon
Opinionation
Our Games
Videos
Blog
Mobile Apps
Partnerships
Remove Ads and Go Orange
Feedback
Science
Computer
Plants
Astronomy
Chemistry
Elements
Math
Animal
Physics
Anatomy
Biology
Geology
General Science
Science
Computer
Plants
Astronomy
Chemistry
Elements
Math
Animal
Physics
Anatomy
Biology
Geology
General Science
Random Quiz
Search Sporcle
×
Quiz Lab
Quiz Lab
Science
infection
Type in answers that appear in a list
Type in answers that appear in a list
Classic
Best Score? Go Orange.
Malaria cases Stats
Can you name the countries with the highest number of malaria cases per year?
By
chris_t
5m
20 Questions
112 Plays
112 Plays
112 Plays
Comments
Comments
Give Quiz Kudos
Give Quiz Kudos
-
- Ratings
hide this ad
More Info
Replay
Link that replays current quiz
Next Quiz
Link to next quiz in quiz playlist
You Got
0%
They Got
Avg Score
67%
Avg Friend Score
Upgrade to see
Score Distribution
Jump to the score distribution portion of the page
Score
0/20
Timer
05:00
0
Plays Today
Rank
Country
% Correct
7.
Nigeria
87.5%
3.
Democratic Republic of the Congo
85.7%
2.
Kenya
82.1%
1.
Uganda
79.5%
11.
Sudan
75%
4.
Malawi
74.1%
13.
Ghana
74.1%
9.
Ethiopia
72.3%
18.
India
72.3%
10.
Zambia
71.4%
Rank
Country
% Correct
14.
Cameroon
70.5%
17.
Mali
69.6%
12.
Angola
67.9%
6.
Mozambique
66.1%
15.
Cote d'Ivoire
63.4%
20.
Benin
63.4%
16.
Burundi
59.8%
5.
Burkina Faso
55.4%
8.
Pakistan
42.9%
19.
Papua New Guinea
20.5%
Quiz Playlist
Details
Report
Send in Message
Add To Playlist
More Info:
The answers are the twenty countries with the highest number of reported malaria cases in 2009.
Classic:
Type in answers that appear in a list
Quiz Source
Last Updated: Feb 16, 2017
Quiz Scoreboard
CHALLENGE
Sign Up to Join the Scoreboard
Show All
Scores
Hide
Comments
May contain spoilers
Recently Published
Image Sorting: Flags VI
by Barbecue
Geography
2m
Find the 'City' Movie
by crazypaving
Movies
60s
Colored Red Africa Blitz
by spor1
Geography
45s
More to Explore
Quiz From the Vault
Featured Blog Post
14 Easter Pick-up Lines to Find Eggs With
hide this ad
You Might Also Like...
Tags
case
disease
infection
Today's Top Quizzes in Science
Browse Science
hide this ad
Today's Top Quizzes in infection
Browse infection
Top Contributed Quizzes in Science
1
Windmill: Elements
2
200 Vogels in Nederland
3
Square Numbers Scrambled (1-50)
4
Count to 60
5
Glycolysis
6
Elements In Images
7
17 TIMES TABLE
8
4-letter Elementary Words III
9
The First 100 Digits of Pi
10
Astronomy Spelling Bee
Explore More
Trending Topics
Crossword
Marvel
Kpop
Disney
Anime
NBA
Harry Potter
Pokémon
Puzzle
WWE
Song
NFL
The Office
Country
Soccer
hide this ad
More By:
chris_t
Quiz
Plays
Rating
Category
Featured
Created
Animal hybrids
1,529
4.13
Science
Oct 27, 2009
Animal Phyla
668
5.00
Science
Sep 25, 2009
Movie title quotes
615
4.29
Movies
Sep 26, 2009
Scrabble - Q Without U - SOWPODS version
181
4.75
Language
Oct 24, 2009
Civilization V technologies
163
Gaming
Apr 12, 2011
Go to Creator's Profile
Score Distribution
Quiz Creator Spotlight
chris_t
Follow
Send a Message
Quizzes Created
-
Created Quiz Play Count
-
More By This Creator
Popular Quizzes Today
1
Colored Red Africa Blitz
2
Find the US States - No Outlines Minefield
3
Find the 'City' Movie
4
5x2 Blitz: Bands
5
The Countries of the World
6
Find the US States
7
Find the Countries of Europe - No Outlines Minefield
8
US States
More Science Quizzes
5 to 1: Weather
Published
Trending Quizzes
Colored Red Europe Blitz I
Colored Red Europe Blitz II
Colored Red Africa Blitz II
Colored Red Europe Blitz III
Colored Red Africa Blitz III
Recently Updated
How Do You Spell That?
pecheneg
Godzilla Movies
pecheneg
Grab Bag: 4-10 Letters
pecheneg
2024 March Madness Bracket
pecheneg
Famous TV Couples
Peacemaker
Champions League XIs: Real Madrid
pecheneg
Largest US Cities 1790-2010
pecheneg
Rides in Walt Disney World
pecheneg
Most Oscar Losses (Acting)
pecheneg
Beyoncé Albums
pecheneg
Trending Topics
Crossword
Anime
Kpop
Harry Potter
NBA
Marvel
Disney
Pokémon
Song
Soccer
The Office
Puzzle
WWE
Country
NFL
Your Account Isn't Verified!
In order to create a playlist on Sporcle, you need to verify the email address you used during registration. Go to your
Sporcle Settings
to finish the process.
Report this User
Report this user for behavior that violates our
Community Guidelines
.
Details:
Send Report
Go to the Sporcle.com Mobile Site →
Comments